000 00455ntaaa2200181 4500
003 01
005 20251027201513.0
008 0714s1973 ag 01
040 _aAR-BaBN
_bspa
_cAR-BaBN
_eaacr
_dRIC
082 _a227.5000 M91
100 _aMullins, E. J.
_913625
245 _aStudies in Ephesians
250 _a1 ed. :
_bSunday School Board of S.B.C.,
_cc1935
300 _a144 p.
650 _aBiblia-Nuevo Testamento
650 _aEfesios
942 _cBK
999 _c9659
_d9659